The advancement of the art of navigation : in two parts : the first shewing by a new canon of sines, tangents, and secants, how to resolve all cases of right-lined triangles, onely by looking into the tables without any calculation : particularly applied to all the three kinds of sailing : viz. by the plain chart, by Mercaters chart, by a great circle, and to the art of surveying : the second part, shewing several observations for the better odering of the log-line, and for the more exact and ready measuring, not onely of minutes, but seconds of time, with some new experiments and engines for the more constant finding of a ships way /

Bibliographic Details
Main Author: Phillippes, Henry, d. 1677?
Format: eBook
Language:English
Published: London : Printed by R. and W. Leybourn for George Hulock ..., 1657.
Series:Early English books online.
Subjects:
Online Access:Connect to the full text of this electronic book

MARC

Tag First Indicator Second Indicator Subfields
LEADER 00000nam a2200000Ia 4500
001 in00004297521
005 20200810082609.0
006 m g d
007 cr bn |||a|bb|
008 860428s1657 enk o 00| | eng d
035 |a (OCoLC)13502017 
040 |a EAA  |c EAA  |d m/c  |d WaOLN 
037 |a CL0037000013  |b ProQuest Information and Learning. 300 N. Zeeb Rd., Ann Arbor, MI 48106 
049 |a UMIA 
100 1 |a Phillippes, Henry,  |d d. 1677? 
245 1 4 |a The advancement of the art of navigation :  |b in two parts : the first shewing by a new canon of sines, tangents, and secants, how to resolve all cases of right-lined triangles, onely by looking into the tables without any calculation : particularly applied to all the three kinds of sailing : viz. by the plain chart, by Mercaters chart, by a great circle, and to the art of surveying : the second part, shewing several observations for the better odering of the log-line, and for the more exact and ready measuring, not onely of minutes, but seconds of time, with some new experiments and engines for the more constant finding of a ships way /  |c by Henry Philippes. 
260 |a London :  |b Printed by R. and W. Leybourn for George Hulock ...,  |c 1657. 
300 |a 1 online resource ([14], 156, [91], [33], 39 pages) 
336 |a text  |b txt  |2 rdacontent 
337 |a computer  |b c  |2 rdamedia 
338 |a online resource  |b cr  |2 rdacarrier 
500 |a 2d part has special t.p. 
500 |a Inserted between the first and second parts is possibly a first edition of another work of Phillippes consisting of two parts which was published separately in 1708. The first part: The seaman's canon of triangles, London, 1657. The second part: A brief canon of triangles, London, 1657. 
500 |a Reproduction of original in Cambridge University Library. 
510 4 |a Wing  |c P2042 
533 |a Electronic reproduction.  |b Ann Arbor, Mich. :  |c UMI,  |d 1999-  |f (Early English books online)  |n Digital version of: (Early English books, 1641-1700 ; 472:9)  |7 s1999 miun s 
650 0 |a Navigation  |v Early works to 1800. 
700 1 |a Phillippes, Henry,  |d d. 1677?  |t Seaman's canon of triangles. 
700 1 |a Phillippes, Henry,  |d d. 1677?  |t Brief canon of triangles. 
830 0 |a Early English books online. 
856 4 0 |u http://proxy.library.tamu.edu/login?url=https://search.proquest.com/docview/2240952629  |z Connect to the full text of this electronic book  |t 0 
999 f f |s 49269737-e095-3537-84aa-17b303eb12d4  |i e0f03b51-fb99-32d4-af89-83195619c63b  |t 0 
952 f f |a Texas A&M University  |b College Station  |c Electronic Resources  |d Available Online  |t 0  |h No information provided 
998 f f |t 0  |l Available Online